[Event "Brasilia Terraviva op"]
[Site "Brasilia"]
[Date "2018.01.13"]
[Round "4"]
[White "Arruda Filho, Ivo Pereira de"]
[Black "De Moraes, Daniel Cerqueira"]
[Result "1-0"]
[WhiteElo "1734"]
[BlackElo "1469"]
[PlyCount "85"]
[EventDate "2018.01.11"]
[EventType "swiss"]
[EventRounds "7"]
[EventCountry "BRA"]
[SourceTitle "CBM 182 Extra"]
[Source "ChessBase"]
[SourceDate "2018.02.23"]
[SourceVersion "1"]
[SourceVersionDate "2018.02.23"]
[SourceQuality "1"]

1. Nf3 Nf6 2. g3 g6 3. Bg2 Bg7 4. 0-0 0-0 5. d4 d5 6. Nbd2 b6 7. Re1 Bb7 8. e3 c5 9. c3 Nbd7 10. Rb1 Re8 11. b3 Rc8 12. Bb2 Ba6 13. Rc1 Bd3 14. Ne5 Nxe5 15. dxe5 Ng4 16. Qxg4 Bxe5 17. Nf3 Bg7 18. Red1 c4 19. Ne1 Bf5 20. Qe2 cxb3 21. Bxd5 Qc7 22. axb3 e6 23. Bg2 e5 24. e4 Be6 25. c4 a5 26. Nc2 b5 27. Ne3 b4 28. Nd5 Qc6 29. Ra1 Ra8 30. Qe3 a4 31. Nxb4 Qb7 32. Nd5 axb3 33. Rxa8 Rxa8 34. Qc3 f6 35. c5 Rc8 36. c6 Qf7 37. Rc1 f5 38. Qxb3 Qa7 39. Qa3 Qxa3 40. Bxa3 Bxd5 41. exd5 e4 42. d6 Be5 43. d7 1-0

[Event "Brazil Fiesta op"]
[Site "Brazil"]
[Date "2017.07.22"]
[Round "4"]
[White "De Moraes, Daniel Cerqueira"]
[Black "Passos, Rafael Moreira"]
[Result "0-1"]
[WhiteElo "1458"]
[BlackElo "1485"]
[PlyCount "64"]
[EventDate "2017.07.21"]
[EventType "swiss"]
[EventRounds "6"]
[EventCountry "BRA"]
[SourceTitle "EXT 2019"]
[Source "ChessBase"]
[SourceDate "2018.10.10"]
[SourceVersion "1"]
[SourceVersionDate "2018.10.10"]
[SourceQuality "1"]

1. e4 c5 2. Nf3 e6 3. Bc4 g6 4. d3 Bg7 5. c3 Nc6 6. Na3 a6 7. Bb3 b5 8. Be3 d6 9. Qd2 Nge7 10. 0-0 0-0 11. Bh6 d5 12. Bxg7 Kxg7 13. e5 d4 14. Rad1 Bb7 15. Qf4 Nf5 16. Ng5 h6 17. Ne4 Qc7 18. Nxc5 dxc3 19. Bxe6 Nxe5 20. Bxf5 Nf3+ 21. Qxf3 Bxf3 22. Nxa6 Rxa6 23. Rc1 Rxa3 24. bxa3 gxf5 25. gxf3 Rg8 26. Kh1 Kf6 27. d4 Qc6 28. d5 Qxd5 29. Rxc3 Kg7 30. h4 Kh7 31. Re3 Qd6 32. Rfe1 Qg6 0-1

[Event "Brazil Fiesta op"]
[Site "Brazil"]
[Date "2017.07.22"]
[Round "3"]
[White "Loricchio, Leticia Figueira"]
[Black "De Moraes, Daniel Cerqueira"]
[Result "0-1"]
[WhiteElo "1415"]
[BlackElo "1458"]
[PlyCount "44"]
[EventDate "2017.07.21"]
[EventType "swiss"]
[EventRounds "6"]
[EventCountry "BRA"]
[SourceTitle "EXT 2019"]
[Source "ChessBase"]
[SourceDate "2018.10.10"]
[SourceVersion "1"]
[SourceVersionDate "2018.10.10"]
[SourceQuality "1"]

1. e4 e5 2. Nf3 Nc6 3. Bc4 Bc5 4. c3 Nf6 5. d4 exd4 6. cxd4 Bb4+ 7. Bd2 Bxd2+ 8. Qxd2 Nxe4 9. Qe3 Qe7 10. 0-0 0-0 11. Bd3 d5 12. Re1 Nb4 13. Nc3 Nxd3 14. Nxd5 Qd8 15. Qxd3 Nxf2 16. Qe3 Nh3+ 17. Kh1 Qxd5 18. Re2 Bg4 19. Rae1 Bxf3 20. gxf3 Qg5 21. Qe8 Raxe8 22. Rxe8 Nf2# 0-1

[Event "Brasilia Terraviva op"]
[Site "Brasilia"]
[Date "2017.01.06"]
[Round "2"]
[White "Fontenele, Edson Guilherme Lop"]
[Black "De Moraes, Daniel Cerqueira"]
[Result "1-0"]
[WhiteElo "1723"]
[BlackElo "1521"]
[PlyCount "73"]
[EventDate "2017.01.06"]
[EventType "swiss"]
[EventRounds "6"]
[EventCountry "BRA"]
[SourceTitle "CBM 176 Extra"]
[Source "ChessBase"]
[SourceDate "2017.03.02"]
[SourceVersion "1"]
[SourceVersionDate "2017.03.02"]
[SourceQuality "1"]

1. Nf3 Nf6 2. d4 g6 3. c4 Bg7 4. Nc3 0-0 5. e4 d6 6. Be2 e5 7. Bg5 exd4 8. Nxd4 Nbd7 9. 0-0 h6 10. Be3 Re8 11. Qc2 Ne5 12. Rad1 Nfg4 13. Qd2 Nxe3 14. Qxe3 Ng4 15. Bxg4 Bxg4 16. Rd2 a6 17. h3 Bd7 18. Rfd1 Kh7 19. c5 Re5 20. Nf3 Rxc5 21. e5 Bxe5 22. Nxe5 Rxe5 23. Qf3 Qe7 24. Qxb7 Re1+ 25. Kh2 Qe5+ 26. g3 Qe6 27. Rxe1 Qxe1 28. Re2 Qf1 29. Qxa8 Bxh3 30. Qf3 Be6 31. a3 Qh3+ 32. Kg1 Kg7 33. Nd5 g5 34. Qf6+ Kh7 35. Nxc7 Bc4 36. Ne8 Bd5 37. Qg7# 1-0